000
00347nam a2200157Ia 4500
003
OSt
008
191201s2012 xx 000 0 und d
082
_a
658.848 ONI
100
_a
ONKVISIT, Sak
245
0
_a
International Marketing
250
_a
Rep
260
_a
New Delhi
_b
Routledge
_c
2012
300
_a
710
650
_a
BBA
942
_2
ddc
_c
BK
999
_c
5547
_d
5547